000 00693nam a2200181Ia 4500
003 GCL
008 140319s9999 xx 000 0 ara d
040 _aGCL /
_cGCL
082 0 4 _a342.023
_bخ.م
100 1 _aخميس السيد اسماعيل
245 1 0 _aموسوعة القضاء المستعجل وقضاء التنفيذ واشكالاتة مع الاحكام الحديثة الصيغ القانونية امام القضاء العادى ومجلس الدولة /
_cخميس السيد اسماعيل
260 _a[S.N] :
_bالمجالس ،
_c1991
300 _a695 ص
490 _a
650 0 4 _aالقانون
650 0 4 _aالقانون الادارى
942 _2ddc
_cBK
999 _c53941
_d53941